| 000 | 01791nam0a2200433 4500 | ||
|---|---|---|---|
| 001 | RU\NLR\bibl\1246713 | ||
| 005 | 20250615122529.0 | ||
| 010 |
_a978-5-477-01093-6 _95000 |
||
| 021 |
_aRU _b2008-34599 _91903 |
||
| 035 | _a(nilc)EL/0000191400 | ||
| 035 | _aKML\BIBL\0000003096 | ||
| 035 | _a(NLR Aleph) 001232862 | ||
| 090 |
_a209579 _c209579 |
||
| 100 | _a20080407d2008 |||y0rusy50 ca | ||
| 101 | 1 |
_arus _ceng |
|
| 102 | _aRU | ||
| 105 | _aa ||||||||| | ||
| 200 | 1 |
_aПереходим на Microsoft Windows Vista _fДжон Ризо _g[пер. с англ. Д.А. Евдокишина] |
|
| 210 |
_aМосква _cНТ Пресс _d2008 (печ. 2007) |
||
| 215 |
_a143 с. _cил. _d21 |
||
| 225 | 1 | _aКниги для быстрого обучения | |
| 225 | 1 | _aДоступно. По шагам. На примерах | |
| 300 | _aЗагл. и авт. ориг.: Moving to Microsoft Windows Vista / John Rizzo | ||
| 320 | _aПредм. указ.: с.139-142 | ||
| 454 | 0 |
_12001#$aMoving to Microsoft Windows Vista$fJohn Rizzo _1700#1$aRizzo$bJ.$gJohn$4070 _tMoving to Microsoft Windows Vista _aRizzo, John |
|
| 606 | 1 |
_aMICROSOFT WINDOWS VISTA, операционная система _92431483 _3RU\NLR\auth\661447212 |
|
| 686 |
_a32.97-018.21 _vLBC/RL _2rubbk |
||
| 686 |
_a021 _aИнформационные и компьютерные технологии _2TCC-BG |
||
| 686 | _aЗ973.23-018.2 | ||
| 700 | 1 |
_aРизо _bДж. _gДжон _4070 |
|
| 801 | 0 |
_aRU _bЦУНБ Москва _c20080505 _grcr |
|
| 801 | 1 |
_aRU _bЦУНБ Москва _c20080505 _2rusmarc |
|
| 801 | 2 |
_aRU _bТверская ОУНБ _c20080602 |
|
| 801 | 2 |
_aRU _bNLR _c20080627 _grcr |
|
| 830 | _aCODE_OF_LIBNET\000007324 | ||
| 942 | _cBOOK | ||
| 980 | _aNB | ||